000 00515nam a2200181 a 4500
001 000011024
005 20240412074222.0
008 091013s1969 dr 000 0 spa d
040 _aDO-SdBNP
_bspa
_cBNPHU
082 _aRD861.44
_bT684c
100 1 _aTormes, María Nieves de
_926467
245 1 0 _aCálices en flor /
_cMaría Nieves de Tormes.
260 _aSanto Domingo :
_bArte y Cine,
_c1969.
300 _a73 p.
650 0 _aPoesía dominicana
_966
650 0 _aLiteratura dominicana.
_967
049 _aBNPD
999 _c10762
_d10762